| 000 | 00475nam a2200133Ia 4500 | ||
|---|---|---|---|
| 008 | 260210s9999 xx 000 0 und d | ||
| 024 | _a15B-142-EL, 15B-216-EL, 15B-235-EL & 15B-104-EL | ||
| 082 | _a629.4743072 MUH | ||
| 100 | _aMuhammad Hadir Khan, M. Hamza Zubair, Shahrukh Akhter & Abaque Javed | ||
| 245 | 0 | _aGPS Based Advertisement System | |
| 260 |
_aKarachi: _bUITU, _c2015 |
||
| 600 | _aComputer System Engineering | ||
| 650 | _aBachelor of Engineering (BE) | ||
| 999 |
_c32767 _d32767 |
||